000 01266cam a22003377i 4500
001 20532466
003 OSt
005 20250127115309.0
008 180607s2017 xx a j 001 0 eng d
010 _a 2018300965
020 _a9782914636056
040 _aMMARA-U
_beng
_cMMARA-U
_eMMARA-U
_dMMARA-U
050 _aREF AG243 .G964 2002
245 0 0 _aGuinness World Records :
_bamazing animals.
264 1 _a[Place of publication not identified] :
_bGuinness World Records,
_c2002.
300 _a284 pages :
_bcolor illustrations ;
_c27 cm
500 _aIncludes index.
650 0 _aAnimals
_vJuvenile literature.
_92368
650 0 _aCuriosities and wonders
_vJuvenile literature.
_92369
650 0 _aWorld records
_vJuvenile literature.
_92370
650 1 _aAnimals
_vMiscellanea.
_92371
650 1 _aWorld records.
_92372
650 7 _aAnimals.
_2fast
_0(OCoLC)fst00809468
_92373
650 7 _aCuriosities and wonders.
_2fast
_0(OCoLC)fst00885285
_92374
650 7 _aWorld records.
_2fast
_0(OCoLC)fst01181413
_92372
655 4 _aIllustrated works.
_92375
655 7 _aIllustrated works.
_2fast
_0(OCoLC)fst01423873
_92375
655 7 _aJuvenile works.
_2fast
_0(OCoLC)fst01411637
_92376
655 7 _aIllustrated works.
_2lcgft
_92375
942 _2lcc
_cREFERENCE
999 _c33301
_d33298